Countries with Ferrari Dealers Quiz Stats

 Plays Quiz not verified by Sporcle

Challenge
Share
Tweet
Embed
Score 0/53 Timer 05:00
0 Plays Today
Country % Correct
United States of America
98.7%
Italy
98.2%
United Kingdom
94.5%
Germany
93%
Canada
92.7%
China
92.6%
France
92.4%
Russia
90.8%
Spain
90.2%
Japan
90%
Mexico
89%
Brazil
88.2%
Australia
83.9%
Portugal
82.8%
Sweden
82.8%
Argentina
81.3%
India
79.3%
South Africa
77.6%
Switzerland
76.6%
United Arab Emirates
76.1%
Poland
75.3%
Finland
74.2%
New Zealand
73.3%
Austria
72.8%
Greece
72.8%
Saudi Arabia
72.7%
Egypt
72.2%
Country % Correct
Denmark
72%
Netherlands
72%
Belgium
71.6%
South Korea
70.9%
Chile
68.5%
Turkey
68%
Indonesia
61.7%
Ukraine
59.7%
Israel
58.7%
Hungary
58.6%
Monaco
57.9%
Czech Republic
56%
Qatar
56%
Thailand
55.7%
Romania
55.5%
Malaysia
54.1%
Singapore
51.6%
Oman
50.4%
Bahrain
48.5%
Kuwait
48.2%
Venezuela
47.7%
Slovenia
47%
Taiwan
45.1%
Philippines
43.5%
Lebanon
32.6%
Dominican Republic
18.1%

You're not logged in!

Compare scores with friends on all Sporcle quizzes.
OR
Log In

You Might Also Like...

Show Comments

Extras

Top Quizzes Today


Score Distribution

Your Account Isn't Verified!

In order to create a playlist on Sporcle, you need to verify the email address you used during registration. Go to your Sporcle Settings to finish the process.

Report this User

Report this user for behavior that violates our Community Guidelines.

Details: